Analýza chýb v diskurze
Príčiny, rozlišovanie a zdroje chýb, ktoré tvoria významnú úlohu pri výučbe cudzieho jazyka. Materinský jazyk a zložitosť cieľového jazyka. Pedagogické nástroje a proces výučby cudzieho jazyka.
Guardado en:
| Autor principal: | |
|---|---|
| Formato: | Capítulo de libro |
| Lenguaje: | eslovaco |
| Materias: | |
| Etiquetas: |
Sin Etiquetas, Sea el primero en etiquetar este registro!
|
MARC
| LEADER | 00000nla a2200000 4500 | ||
|---|---|---|---|
| 001 | 0191292 | ||
| 005 | 20240502073220.5 | ||
| 041 | 0 | |a slo | |
| 044 | |a SK | ||
| 245 | 1 | 0 | |a Analýza chýb v diskurze |c Eva Stradiotová |
| 520 | |a Príčiny, rozlišovanie a zdroje chýb, ktoré tvoria významnú úlohu pri výučbe cudzieho jazyka. Materinský jazyk a zložitosť cieľového jazyka. Pedagogické nástroje a proces výučby cudzieho jazyka. | ||
| 610 | 2 | 0 | |a jazyky cudzie |
| 610 | 2 | 0 | |a didaktika |
| 610 | 2 | 0 | |a literatúra |
| 610 | 2 | 0 | |a štylistika |
| 610 | 2 | 0 | |a výslovnosť |
| 610 | 2 | 0 | |a slovotvorba |
| 610 | 2 | 0 | |a gramatika |
| 610 | 2 | 0 | |a zásoba slovná |
| 610 | 2 | 0 | |a konverzácia |
| 100 | 1 | |a Stradiotová, Eva, 1963- | |